Избранное (Запись № 8123954)

Подробности
000 -МАРКЕР
контрольное поле 01666nam0a22003131 4500
001 - ИДЕНТИФИКАТОР ЗАПИСИ
контрольное поле rc\4569223
005 - ИДЕНТИФИКАТОР ВЕРСИИ
контрольное поле 20251117184004.0
021 ## - НОМЕР ГОСУДАРСТВЕННОЙ РЕГИСТРАЦИИ
Код страны Российская Федерация
Номер [66-61067]
035 ## - ДРУГИЕ СИСТЕМНЫЕ НОМЕРА
Идентификатор записи (NLR Aleph) 008215611
100 ## - ДАННЫЕ ОБЩЕЙ ОБРАБОТКИ
Данные общей обработки 20130416d1966 u y0rusy50 ca
101 1# - ЯЗЫК РЕСУРСА
Язык текста, звукозаписи и т.д. русский
Язык оригинала ингушский
102 ## - СТРАНА ПУБЛИКАЦИИ ИЛИ ПРОИЗВОДСТВА
Страна публикации Российская Федерация
105 ## - ПОЛЕ КОДИРОВАННЫХ ДАННЫХ: ТЕКСТОВЫЕ МАТЕРИАЛЫ, МОНОГРАФИЧЕСКИЕ
Кодированные данные о монографическом текстовом документе y z |||a|
200 1# - ЗАГЛАВИЕ И СВЕДЕНИЯ ОБ ОТВЕТСТВЕННОСТИ
Основное заглавие Избранное
Сведения, относящиеся к заглавию [Пьесы и статьи
-- Пер. с ингуш.
Первые сведения об ответственности Вступ. статья В.Б. Корзуна]
Последующие сведения об ответственности Сост. и авт. примеч. В.Б. Корзун и Ф.Г. Оздоева
210 ## - ПУБЛИКАЦИЯ, РАСПРОСТРАНЕНИЕ И ДР.
Место издания, распространения и т.д. [Грозный]
Имя издателя, распространителя и т. д. Чечено-Ингуш. кн. изд-во
Дата издания, распространения и т.д. 1966
215 ## - ФИЗИЧЕСКАЯ ХАРАКТЕРИСТИКА
Специфическое обозначение материала и объем 83 с.
Размеры 16
327 1# - ПРИМЕЧАНИЯ О СОДЕРЖАНИИ
Текст примечания Содерж.: Похищение девушки; Месть: Пьесы; Чеченский народный стих; Рецензия на сборник стихов Х.-Б. Муталиева "Родина"; Статьи
464 #0 - АНАЛИТИЧЕСКИЙ УРОВЕНЬ
Встроенное поле 2001#$aПохищение девушки$eПьеса$aМесть$eПьеса$aЧеченский народный стих$aРецензия на сборник стихов Х.-Б. Муталиева "Родина"$aСтатьи
-- 702#1$aМуталиев$bХ.-Б. Ш.$f1910-1964$gХаджи-Бекир Шовхалович$3RU\NLR\AUTH\770286668$4570
Заглавие Статьи
608 ## - ФОРМА, ЖАНР, ФИЗИЧЕСКИЕ ХАРАКТЕРИСТИКИ ДОКУМЕНТА КАК ТОЧКА ДОСТУПА
Начальный элемент ввода Ингушская поэзия
Код системы psbo
700 #1 - ИМЯ ЛИЦА - ПЕРВИЧНАЯ ОТВЕТСТВЕННОСТЬ
Начальный элемент ввода Мальсагов
Часть имени, кроме начального элемента ввода З. К.
Даты 1894-1935
Расширение инициалов личного имени Заурбек Куразович
702 #1 - ИМЯ ЛИЦА - ВТОРИЧНАЯ ОТВЕТСТВЕННОСТЬ
Начальный элемент ввода Корзун
Часть имени, кроме начального элемента ввода В. Б.
Код отношения Автор введения, предисловия, примечания и т.п.
-- Составитель
-- Комментатор печатного текста
702 #1 - ИМЯ ЛИЦА - ВТОРИЧНАЯ ОТВЕТСТВЕННОСТЬ
Начальный элемент ввода Оздоева
Часть имени, кроме начального элемента ввода Ф. Г.
Код отношения Составитель
-- Комментатор печатного текста
801 #0 - ИСТОЧНИК ЗАПИСИ
Страна Российская Федерация
Организация NLR
Правила каталогизации psbo
801 #1 - ИСТОЧНИК ЗАПИСИ
Страна Российская Федерация
Организация ELAR
Источник данных rusmarc
852 ## - МЕСТОНАХОЖДЕНИЕ И ШИФР ХРАНЕНИЯ
Идентификатор организации NLR
Шифр хранения (Call Number) 66-2/2266
942 ## - ДОПОЛНИТЕЛЬНЫЕ ЭЛЕМЕНТЫ ЗАПИСИ (АБИС)
Тип экземпляра АБИС Книга
980 ## - КОЛЛЕКЦИЯ
Название коллекции Национальная библиография
Экземпляры
Тип экземпляра Дата поступления Библиотека постоянного хранения Библиотека текущего хранения Место хранения Шифр хранения Штрих-код Статус экземпляра
Книга 26.10.2013 РНБ (Московский) РНБ (Московский) Русский книжный фонд: издания с 1957 года 66-2/2266 1-2846896  
Книга 05.07.2023 РНБ (Московский) РНБ (Московский) Русский книжный фонд: издания с 1957 года 66-2/2266 1-4254082